| 000 | 00380nam a2200157Ia 4500 | ||
|---|---|---|---|
| 008 | 230917s9999||||xx |||||||||||||| ||und|| | ||
| 020 | _cRS200 | ||
| 040 |
_e1020 _aMAIN |
||
| 041 | _aEnglish | ||
| 082 | _a589.3 F919S | ||
| 100 | _aFritsch, F E | ||
| 245 | 0 | _aStructure and reproduction of the algae | |
| 260 |
_aNew Delhi _bVikas _c1979 |
||
| 300 | _axiv, 939 p. | ||
| 942 | _cBK | ||
| 999 |
_c43289 _d43289 |
||